| 000 | 00000nam 2200000za 4500 |
| 001 | 9.581634 |
| 003 | CaOODSP |
| 005 | 20250530140831 |
| 007 | cr ||||||||||| |
| 008 | 150406s1996||||xxcad|||o f000 0 eng d |
| 020 | |z0-662-24509-1 |
| 040 | |aCaOODSP|beng |
| 043 | |an-cn--- |
| 086 | 1 |aA54-8/1996-4E-PDF|zA54-8/1996-4E |
| 100 | 1 |aCampbell, Craig A. |
| 245 | 10|aResponse of soil organic matter to crop management |h[electronic resource] / |cC.A. Campbell and R.P. Zentner. |
| 260 | |aSwift Current, Sask. : |bSemiarid Prairie Agricultural Research Centre, Research Branch, Agriculture and Agri-Food Canada, |cc1996. |
| 300 | |a18 p.|bgraphs |
| 490 | 1 |aTechnical bulletin ; |v1996-4E |
| 500 | |aHistorical publication digitized by Agriculture and Agri-Food Canada. |
| 504 | |aIncludes bibliographical references. |
| 590 | |a15-05-Supp|b2015-03-31 |
| 690 | 07|aCrops|2gcpds |
| 690 | 07|aSoil quality|2gcpds |
| 700 | 1 |aZentner, R. P. |
| 710 | 1 |aCanada. |bAgriculture and Agri-Food Canada. |bResearch Branch. |
| 710 | 2 |aSemiarid Prairie Agricultural Research Centre (Canada) |
| 776 | 0#|tResponse of soil organic matter to crop management / |w(CaOODSP)9.613001 |
| 830 | #0|aTechnical bulletin (Canada. Agriculture and Agri-Food Canada. Research Branch)|v1996-4E|w(CaOODSP)9.507590 |
| 856 | 40|ahttp://publications.gc.ca|qPDF|s907 KB|uhttps://publications.gc.ca/collections/collection_2015/aac-aafc/A54-8-1996-4-eng.pdf|y1996-4E |